000 00397nam a2200169 a 4500
001 21655
003 CO-ViMGA
008 141112s2004 ck r 000 u spa d
040 _aCO-ViMGA
_bspa
_cCO-ViMGA
082 0 4 _aDISci1
100 1 _aDisney,
_910329
245 1 0 _a101 dalmatas
260 _aBogotá :
_bNorma,
_c1994
300 _a96
650 1 4 _aCUENTOS INFANTILES
_92743
942 _2ddc
_cBK
999 _c30219
_d30219